<?xml version="1.0" encoding="UTF-8"?>
<record
    xmlns:xsi="http://www.w3.org/2001/XMLSchema-instance"
    xsi:schemaLocation="http://www.loc.gov/MARC21/slim http://www.loc.gov/standards/marcxml/schema/MARC21slim.xsd"
    xmlns="http://www.loc.gov/MARC21/slim">

  <leader>01467nam a2200349 i 4500</leader>
  <controlfield tag="001">195768</controlfield>
  <controlfield tag="003">ES-MaACL</controlfield>
  <controlfield tag="005">20250818234635.0</controlfield>
  <controlfield tag="008">240714s2007    sp ||||| |||| 00| 0 spa d</controlfield>
  <datafield tag="017" ind1=" " ind2=" ">
    <subfield code="a">SA 668-2007</subfield>
  </datafield>
  <datafield tag="020" ind1=" " ind2=" ">
    <subfield code="a">9788481024654</subfield>
  </datafield>
  <datafield tag="040" ind1=" " ind2=" ">
    <subfield code="c">ES-MaACL</subfield>
    <subfield code="a">ES-MaACL</subfield>
  </datafield>
  <datafield tag="080" ind1=" " ind2=" ">
    <subfield code="a">76(460)"19"(083.824)</subfield>
  </datafield>
  <datafield tag="245" ind1=" " ind2=" ">
    <subfield code="a">El movimiento Estampa Popular en la Colecci&#xF3;n UC de Arte Gr&#xE1;fico /</subfield>
    <subfield code="c">Federico Guti&#xE9;rrez-Solana Salcedo, Clemente Barrena, Javier G&#xF3;mez Mart&#xED;nez, Francisco &#xC1;lvarez.</subfield>
  </datafield>
  <datafield tag="260" ind1=" " ind2=" ">
    <subfield code="a">[Santander] ;</subfield>
    <subfield code="b">Universidad de Cantabria, </subfield>
    <subfield code="c">2007.</subfield>
  </datafield>
  <datafield tag="300" ind1=" " ind2=" ">
    <subfield code="a">66 p&#xE1;g. :</subfield>
    <subfield code="c">24 cm.</subfield>
  </datafield>
  <datafield tag="490" ind1="1" ind2=" ">
    <subfield code="a">Serie Memoria Gr&#xE1;fica ;</subfield>
    <subfield code="v">2</subfield>
  </datafield>
  <datafield tag="500" ind1=" " ind2=" ">
    <subfield code="a">Exposici&#xF3;n en el Paraninfo de la Universidad de Cantabria del 21 de septiembre al 10 de noviembre de 2007.</subfield>
  </datafield>
  <datafield tag="650" ind1=" " ind2="7">
    <subfield code="9">162661</subfield>
    <subfield code="a">Grabado espa&#xF1;ol-</subfield>
    <subfield code="y">S.XX-</subfield>
    <subfield code="v">Exposiciones</subfield>
  </datafield>
  <datafield tag="650" ind1=" " ind2="7">
    <subfield code="a">Estampa popular</subfield>
    <subfield code="9">239633</subfield>
  </datafield>
  <datafield tag="700" ind1=" " ind2=" ">
    <subfield code="a">Guti&#xE9;rrez-Solana Salcedo, Federico</subfield>
    <subfield code="e">aut</subfield>
    <subfield code="9">239635</subfield>
  </datafield>
  <datafield tag="700" ind1="1" ind2=" ">
    <subfield code="a">Barrena, Clemente,</subfield>
    <subfield code="d">1959-2011</subfield>
    <subfield code="e">aut</subfield>
    <subfield code="9">144203</subfield>
  </datafield>
  <datafield tag="700" ind1=" " ind2=" ">
    <subfield code="9">225434</subfield>
    <subfield code="a">G&#xF3;mez Mart&#xED;nez, Javier</subfield>
    <subfield code="e">aut</subfield>
  </datafield>
  <datafield tag="700" ind1="1" ind2=" ">
    <subfield code="9">171346</subfield>
    <subfield code="a">&#xC1;lvarez, Francisco, </subfield>
    <subfield code="d">1936-2024</subfield>
    <subfield code="e">ill</subfield>
  </datafield>
  <datafield tag="700" ind1="1" ind2=" ">
    <subfield code="a">Garc&#xED;a Guti&#xE9;rrez, Nuria</subfield>
    <subfield code="e">aut</subfield>
    <subfield code="9">239636</subfield>
  </datafield>
  <datafield tag="830" ind1=" " ind2="0">
    <subfield code="a">Serie Memoria Gr&#xE1;fica ;</subfield>
    <subfield code="v">2</subfield>
    <subfield code="9">239634</subfield>
  </datafield>
  <datafield tag="852" ind1=" " ind2=" ">
    <subfield code="a">ES-MaACL</subfield>
    <subfield code="c">DEPOJ</subfield>
    <subfield code="j">N-8781</subfield>
    <subfield code="x">Encuadernaci&#xF3;n r&#xFA;stica</subfield>
    <subfield code="9">203892</subfield>
  </datafield>
  <datafield tag="942" ind1=" " ind2=" ">
    <subfield code="n">0</subfield>
    <subfield code="c">MONOGRAFIA</subfield>
  </datafield>
  <datafield tag="999" ind1=" " ind2=" ">
    <subfield code="c">195768</subfield>
    <subfield code="d">195768</subfield>
  </datafield>
  <datafield tag="952" ind1=" " ind2=" ">
    <subfield code="0">0</subfield>
    <subfield code="1">0</subfield>
    <subfield code="2">udc</subfield>
    <subfield code="4">0</subfield>
    <subfield code="7">0</subfield>
    <subfield code="a">ATENEOM</subfield>
    <subfield code="b">ATENEOM</subfield>
    <subfield code="c">DEPOJ</subfield>
    <subfield code="d">2024-07-14</subfield>
    <subfield code="l">0</subfield>
    <subfield code="o">N-8781</subfield>
    <subfield code="p">101229447</subfield>
    <subfield code="r">2024-07-14 00:00:00</subfield>
    <subfield code="w">2024-07-14</subfield>
    <subfield code="y">MONOGRAFIA</subfield>
  </datafield>
</record>
